Ligue 1 : les joueurs ayant le plus joués en 2020/2021 - Statistiques

Statistiques générales
  • Ce quiz a été pris 73 fois
  • Le résultat moyen est 12 sur 20
Statistiques - réponses
Club Réponse % Correct
Lille (D) Fonte
86%
Strasbourg (A) Ajorque
84%
Rennes (D) Traoré
77%
Angers (D) Traoré
77%
Monaco (M) Tchouameni
75%
Lille (A) Bamba
74%
Montpellier (A) Laborde
74%
Rennes (D) Aguerd
70%
Lille (D) Botman
67%
Nantes (A) Kolo Muani
62%
Angers (D) Thomas
57%
Metz (D) Centonze
55%
Saint-Étienne (M) Camara
51%
Metz (D) Bronn
48%
Nîmes (A) Ripart
48%
Dijon (D) Ecuele Manga
41%
Reims (D) Foket
41%
Montpellier (D) Congré
39%
Brest (D) Perraud
17%
Metz (D) Boye
10%
Aucun quiz correspondant
Distribution des résultats
% des personnes avec chaque résultat
Percentile par nombre de réponses
Votre historique - résultats
Vous n’avez pas pris ce quiz